| 000 | 00500nam a22001697a 4500 | ||
|---|---|---|---|
| 005 | 20241015090919.0 | ||
| 008 | 241015b |||||||| |||| 00| 0 eng d | ||
| 020 | _a9780409044775 | ||
| 041 | _aEnglish | ||
| 082 | _a346.43 SMI | ||
| 100 | _lEnglish | ||
| 245 |
_aEviction and Rental Claims: A Practical Guide / _cCP Smith |
||
| 260 |
_aDurban: _bLexisNexis (Pty) Ltd, _c2009 |
||
| 300 |
_bxv, 53 pages; _c26 cm. |
||
| 650 |
_aLegal practice _bLaw |
||
| 942 |
_cBK _6ALISON_BN_VRIES |
||
| 999 |
_c3224 _d3224 |
||